=LDR 00000nam 2200000 4500 =001 INLIS000000000037174 =005 20250219010526 =035 ##$$a 0010-061300000037174 =008 250219################g##########0#ind## =041 ##$$a Ind =082 ##$$a 641.8 =090 ##$$a 641.8, Emi a =100 ##$$a Emir, Threes =245 1#$$a Aneka sandwich : $b untuk snack dan bekal praktis /$c Threes Emir =260 ##$$a Jakarta :$b Gramedia,$c 2011 =300 ##$$a 43 hlm. : $b ilus ; $c 14x21 cm. =650 #4$$a Sandwich =850 ##$$a NBPNMAT =084 ##$$a 641.8 EMI a =990 ##$$a 0154/BPAP-NTB/2015 =990 ##$$a 34573457 =990 ##$$a 21103089 =990 ##$$a 0154/BPAP-NTB/2015